Taller acció local i tercer sector : recull de ponències, gener-juliol 2001 / coordinació del taller: Ricard Valls ; organitzadors del taller: Centre per a la Innovació Local, Centre per a la Participació Ciutadana, Flor de Maig recull de ponències, gener-juliol 2001 / coordinació del taller:
Descripción Física:
102 p. ; 30 cm
Colección:
Papers de participació ciutadana ; 2
Otros Autores:
Valls, Ricard, coord
MARC
| LEADER | 00000nam a2200000Ia 4500 | ||
|---|---|---|---|
| 001 | 14461 | ||
| 008 | 160829s9999 xx 000 0 cat d | ||
| 080 | |a S-1-181 | ||
| 100 | |a Taller Acció Local i Tercer Sector (2001 : Barcelona) |9 27453 | ||
| 245 | |a Taller acció local i tercer sector : |b recull de ponències, gener-juliol 2001 / coordinació del taller: |b Ricard Valls ; organitzadors del taller: |b Centre per a la Innovació Local, Centre per a la Participació Ciutadana, Flor de Maig | ||
| 250 | |a Ed. no venal | ||
| 260 | |a [Barcelona] : |b Diputació de Barcelona, Xarxa de Municipis, cop. 2002 | ||
| 300 | |a 102 p. ; |c 30 cm | ||
| 490 | |a Papers de participació ciutadana ; 2 | ||
| 650 | |a Entitats sense ànim de lucre |x Congressos |9 27454 | ||
| 650 | |a Treball social |x Congressos |9 27455 | ||
| 700 | |a Valls, Ricard, coord. |9 27456 |e coordinador | ||
| 710 | 1 | |a Barcelona (Catalunya : Província). |b Diputació |9 52408 | |
| 710 | 2 | |a Centre per a la Innovació Local |9 54171 | |
| 710 | 2 | |a Organisme Autònom Flor de Maig |9 54170 | |
| 901 | |a Arxiu | ||
| 942 | |n 1 |2 udc | ||
| 952 | |0 0 |1 0 |4 0 |6 S1181 |7 1 |9 44395 |a Arxiu |b Arxiu |d 2016-12-01 |l 0 |o S-1-181 |p 14461 |r 2016-12-01 00:00:00 |w 2016-12-01 |y ARXIU | ||
| 999 | |c 46976 |d 46976 | ||